000 00507nam a2200193Ia 4500
008 131103s9999 xx 000 0 und d
020 _cRs.5.90
040 _aLoreto College
041 _aEnglish
082 _a510/MOD
_bLCBED/3621
100 _aMayer, G. W.
245 _aModern mathematics
_b book III
_cG. W. Mayer & Nand Lal Jain
260 _aDelhi
_bFrank Bros
_c1975
300 _a160p.
_c 23cm.
650 _aMathematics
700 _aJain, Nand Lal
850 _aLCBED/510/MOD
942 _cBK
999 _c28068
_d78547